Information seeking behaviour of science faculty of government colleges of Haryana (Record no. 15733)

MARC details
000 -LEADER
fixed length control field 00605nam a2200169Ia 4500
082 ## - DEWEY DECIMAL CLASSIFICATION NUMBER
Classification number TS.1062
100 ## - MAIN ENTRY--AUTHOR NAME
Personal name Singh, Jogender
245 #0 - TITLE STATEMENT
Title Information seeking behaviour of science faculty of government colleges of Haryana
260 ## - PUBLICATION, DISTRIBUTION, ETC. (IMPRINT)
Year of publication 2011
Name of publisher Singhania University, Jhunjhunu
300 ## - PHYSICAL DESCRIPTION
Number of Pages x, 131
504 ## - BIBLIOGRAPHY, ETC. NOTE
Bibliography, etc includes bibliography
650 ## - SUBJECT ADDED ENTRY--TOPICAL TERM
Topical Term Information Services
Form subdivision User education
Geographic subdivision India
-- Haryana
650 ## - SUBJECT ADDED ENTRY--TOPICAL TERM
Topical Term Universities and colleges
Form subdivision Information Services
-- User education
Geographic subdivision India
-- Haryana
650 ## - SUBJECT ADDED ENTRY--TOPICAL TERM
Topical Term Science
Form subdivision Study and teaching
Geographic subdivision India
-- Haryana
710 ## - ADDED ENTRY--CORPORATE NAME
Corporate name or jurisdiction name as entry element Singh, Mahavir
942 ## - ADDED ENTRY ELEMENTS (KOHA)
Koha item type Thesis
Source of classification or shelving scheme Dewey Decimal Classification
Holdings
Withdrawn status Lost status Damaged status Not for loan Home library Current library Date acquired Source of acquisition Bill Date Full call number Accession Number Price effective from Koha item type
        NASSDOC Library NASSDOC Library 03/10/2011 AUTH 2011-09-12 TS.1062 47397 18/04/2019 Thesis